000 01385nam a22003014a 4500
005 20140814125821.0
008 080115s2008 nyu | 00| f eng
010 _aB-311082-100 ENG-110394
020 _a9780007278596
_c295.00
020 _c350.00
035 _aB-311082-100
035 _aB-359070
035 _aEN-93926
037 _bPansy Books
037 _bDBAD/PUB
040 _adpl
_bEnglish
082 _aN
100 _aCoelho, Paulo
245 _aBrida :
_ba novel /
_cby Paulo Coelho ; translated from the Portuguese by Margaret Jull Costa.
260 _aLondon
_bHarperCollins Publishers
_c2008
270 _a77- 85 Fullham Palace Road, Hammersmith
_bLondon
_eW6 8JB
300 _a266p.
_c22cm(pbk)
520 _aThe story of a young Irish girl who dives into sorcery and experiments with different magical traditions. She meets a wise man who dwells in a forest, who teaches her about overcoming her fears and trusting in the goodness of the world; and a woman who te
700 _aCosta, Margaret Jull
942 _2ddc
_cEN
_hN
_mCOE
999 _c15920
_d15920